| 000 | 00856nam a2200193Ia 4500 | ||
|---|---|---|---|
| 008 | 151121s9999||||xx |||||||||||||| ||und|| | ||
| 082 | _a814/गाडगी | ||
| 082 | _bHNW-23972 | ||
| 100 | _aगाडगीळ घ।रा। | ||
| 245 | _aलोकशाही विकेंद्रीकरण आणि स्थानिक नेतृत्व | ||
| 260 | _b"प्रा।घ। रा। गाडगीळ, पुणे" | ||
| 260 | _c-- | ||
| 300 | _a71 | ||
| 600 | _aगाडगीळ घ।रा। | ||
| 630 | _aलोकशाही विकेंद्रीकरण आणि स्थानिक नेतृत्व | ||
| 700 | _aगाडगीळ घ।रा। | ||
| 730 | _aलोकशाही विकेंद्रीकरण आणि स्थानिक नेतृत्व | ||
| 942 | _cBOOK | ||
| 999 |
_c1222367 _d1222364 |
||